Score 0/24 Timer 04:00
12 Plays Today
Letter Capital % Correct
WWashington DC
94.5%
PParis
91.4%
LLondon
91%
BBerlin
83.4%
RRome
76%
MMexico City
74.4%
TTokyo
73.2%
OOslo
71.5%
CCairo
58.9%
SStockholm
57.4%
AAthens
56.8%
HHelsinki
55.3%
Letter Capital % Correct
DDublin
54.5%
VVienna
45.1%
QQuito
42.6%
NNew Delhi
41.3%
ZZagreb
41.1%
JJerusalem
36.5%
IIslamabad
29.1%
UUlaanbaatar
27.8%
YYerevan
23.9%
GGuatemala City
18%
KKabul
16.1%
FFreetown
13.5%
Remove Ads.
Support Sporcle.
Get the best of Sporcle when you Go Orange. This ad-free experience offers more features, more stats, and more fun while also helping to support Sporcle. Thank you for becoming a member.

You're not logged in!

Compare scores with friends on all Sporcle quizzes.
OR
Log In

Show Comments

Extras

Top Quizzes Today


Score Distribution

Your Account Isn't Verified!

In order to create a playlist on Sporcle, you need to verify the email address you used during registration. Go to your Sporcle Settings to finish the process.

Report this User

Report this user for behavior that violates our Community Guidelines.

Details: